Library Logo

Pioneer International University Library Catalogue

American peoples (Record no. 9830)

MARC details
000 -LEADER
fixed length control field 00392nam a22001577a 4500
003 - CONTROL NUMBER IDENTIFIER
control field OSt
005 - DATE AND TIME OF LATEST TRANSACTION
control field 20251119084343.0
008 - FIXED-LENGTH DATA ELEMENTS--GENERAL INFORMATION
fixed length control field 251119b |||||||| |||| 00| 0 eng d
020 ## - INTERNATIONAL STANDARD BOOK NUMBER
International Standard Book Number 0789414104
040 ## - CATALOGING SOURCE
Transcribing agency DK Publishing
050 ## - LIBRARY OF CONGRESS CALL NUMBER
Classification number E 178 .M87 1996
245 ## - TITLE STATEMENT
Title American peoples
Statement of responsibility, etc. Murdoch, David
250 ## - EDITION STATEMENT
Edition statement First Edition
260 ## - PUBLICATION, DISTRIBUTION, ETC.
Place of publication, distribution, etc. New York
Name of publisher, distributor, etc. DK Publishing
Date of publication, distribution, etc. 1996
942 ## - ADDED ENTRY ELEMENTS (KOHA)
Source of classification or shelving scheme Dewey Decimal Classification
Koha item type Books
Suppress in OPAC No

No items available.